[Event "Nichelino op 15th"]
[Site "Nichelino"]
[Date "2014.10.05"]
[Round "4"]
[White "Piantadosi, Angelo"]
[Black "Martin, Tiziano"]
[Result "1/2-1/2"]
[WhiteElo "1839"]
[BlackElo "1926"]
[PlyCount "50"]
[EventDate "2014.10.03"]
[EventType "swiss"]
[EventRounds "4"]
[EventCountry "ITA"]
[SourceTitle "EXT 2024"]
[Source "ChessBase"]
[SourceDate "2023.10.10"]
[SourceVersion "1"]
[SourceVersionDate "2023.10.10"]
[SourceQuality "1"]

1. e4 e6 2. d4 d5 3. exd5 exd5 4. Bd3 Bd6 5. Ne2 Nc6 6. c3 Nf6 7. 0-0 0-0 8. Bf4 Bg4 9. f3 Bh5 10. Re1 Bg6 11. Bxg6 hxg6 12. Bxd6 Qxd6 13. Ng3 Rfe8 14. Nd2 Rxe1+ 15. Qxe1 Re8 16. Qf1 Qf4 17. Qd3 Re3 18. Qc2 Nh5 19. Ndf1 Re6 20. Kf2 Nf6 21. Kg1 a6 22. Qd2 Qxd2 23. Nxd2 Na5 24. Kf2 Rb6 25. Rb1 Rc6 1/2-1/2

[Event "Torino Bombelli Memorial 11th"]
[Site "Torino"]
[Date "2011.09.11"]
[Round "4"]
[White "Martin, Tiziano"]
[Black "Giacometto, Mario"]
[Result "1-0"]
[WhiteElo "1948"]
[BlackElo "2004"]
[PlyCount "73"]
[EventDate "2011.09.09"]
[EventType "swiss"]
[EventRounds "5"]
[EventCountry "ITA"]
[SourceTitle "EXT 2023"]
[Source "ChessBase"]
[SourceDate "2022.10.05"]
[SourceVersion "1"]
[SourceVersionDate "2022.10.05"]
[SourceQuality "1"]

1. d4 Nf6 2. Nf3 e6 3. Nbd2 d5 4. e3 b6 5. c3 Bb7 6. Bd3 Nbd7 7. 0-0 c5 8. Qe2 Bd6 9. e4 dxe4 10. Nxe4 Nxe4 11. Bxe4 Bxe4 12. Qxe4 0-0 13. Bg5 Qc7 14. Rad1 h6 15. Bh4 Rae8 16. Qd3 Be7 17. Bg3 Qb7 18. Rfe1 cxd4 19. Qxd4 Nc5 20. Qg4 Kh7 21. Ne5 g6 22. b4 h5 23. Qe2 Na4 24. Qc2 b5 25. Nd7 Rg8 26. Be5 Nb6 27. Nf6+ Bxf6 28. Bxf6 Nd5 29. Bd4 Rc8 30. Re5 Kh6 31. Qd2+ g5 32. h4 Qe7 33. hxg5+ Rxg5 34. Rde1 Rcg8 35. Rxd5 Qb7 36. Rxg5 Rxg5 37. f3 1-0

[Event "Nichelino op 11th"]
[Site "Nichelino"]
[Date "2010.10.02"]
[Round "3"]
[White "Bisi, Samuele"]
[Black "Martin, Tiziano"]
[Result "1-0"]
[WhiteElo "1829"]
[BlackElo "1955"]
[PlyCount "45"]
[EventDate "2010.09.30"]
[EventType "swiss"]
[EventRounds "6"]
[EventCountry "ITA"]
[SourceTitle "EXT 2024"]
[Source "ChessBase"]
[SourceDate "2023.10.10"]
[SourceVersion "1"]
[SourceVersionDate "2023.10.10"]
[SourceQuality "1"]

1. d4 Nf6 2. c4 e6 3. Nf3 d5 4. Nc3 Nbd7 5. Bg5 Be7 6. e3 0-0 7. Rc1 a6 8. cxd5 exd5 9. Bd3 c6 10. 0-0 Ne4 11. Bf4 Ndf6 12. Qc2 Nd6 13. h3 g6 14. a3 Bf5 15. Bxd6 Bxd6 16. Bxf5 gxf5 17. Qxf5 Qe7 18. Rfe1 Rae8 19. e4 Nxe4 20. Nxe4 dxe4 21. Ng5 f6 22. Rxe4 fxg5 23. Rxe7 1-0

[Event "Nichelino op 11th"]
[Site "Nichelino"]
[Date "2010.10.01"]
[Round "2"]
[White "Martin, Tiziano"]
[Black "Pulito, Alberto"]
[Result "1/2-1/2"]
[WhiteElo "1955"]
[BlackElo "2263"]
[PlyCount "85"]
[EventDate "2010.09.30"]
[EventType "swiss"]
[EventRounds "6"]
[EventCountry "ITA"]
[SourceTitle "EXT 2024"]
[Source "ChessBase"]
[SourceDate "2023.10.10"]
[SourceVersion "1"]
[SourceVersionDate "2023.10.10"]
[SourceQuality "1"]

1. Nf3 d5 2. d3 Nc6 3. Nbd2 e5 4. e4 Nf6 5. Be2 Bc5 6. h3 Qe7 7. c3 a5 8. 0-0 0-0 9. a4 Rd8 10. Qc2 b6 11. Re1 dxe4 12. Nxe4 Nxe4 13. dxe4 f6 14. Bc4+ Be6 15. Qe2 Qf7 16. Bxe6 Qxe6 17. Nh4 Ne7 18. Qg4 Qxg4 19. hxg4 g5 20. Nf5 Nxf5 21. gxf5 Rd3 22. Kf1 Rad8 23. Rb1 Kf7 24. b4 axb4 25. cxb4 Bd4 26. Bb2 Rd2 27. Bxd4 R8xd4 28. Rec1 Rd7 29. Rc6 Ra2 30. a5 bxa5 31. bxa5 Rxa5 32. Rb7 Ra1+ 33. Ke2 Ra2+ 34. Kf3 h5 35. Rcxc7 Rxc7 36. Rxc7+ Ke8 37. g3 Ra3+ 38. Ke2 Ra4 39. Ke3 Ra3+ 40. Ke2 Ra2+ 41. Ke3 Ra3+ 42. Ke2 Ra4 43. Ke3 1/2-1/2

[Event "Turin Piemonte op 9th"]
[Site "Turin"]
[Date "2009.09.19"]
[Round "2"]
[White "Ranieri, Fabrizio"]
[Black "Martin, Tiziano"]
[Result "1/2-1/2"]
[WhiteElo "2264"]
[BlackElo "1967"]
[PlyCount "102"]
[EventDate "2009.09.18"]
[EventType "swiss"]
[EventRounds "5"]
[EventCountry "ITA"]
[SourceTitle "EXT 2012"]
[Source "ChessBase"]
[SourceDate "2011.11.24"]
[SourceVersion "1"]
[SourceVersionDate "2011.11.24"]
[SourceQuality "1"]

1. e4 d5 2. exd5 Qxd5 3. Nf3 Nf6 4. d4 Bg4 5. Be2 c6 6. c4 Qd8 7. 0-0 e6 8. Qb3 Qb6 9. Qxb6 axb6 10. Bf4 Nbd7 11. a3 Ne4 12. Nbd2 Nxd2 13. Bxd2 Bd6 14. h3 Bh5 15. Rfd1 0-0 16. g4 Bg6 17. Nh4 Be4 18. f3 Bc2 19. Rdc1 Bg6 20. Nxg6 hxg6 21. f4 Nf6 22. Bf3 Rfd8 23. Be3 Rd7 24. Rd1 b5 25. d5 exd5 26. cxd5 c5 27. Rac1 Rc8 28. Re1 Re7 29. f5 gxf5 30. gxf5 Rce8 31. Bf2 Rxe1+ 32. Rxe1 Rxe1+ 33. Bxe1 b6 34. Bc3 Ne8 35. Kf2 Bf4 36. Be2 Nd6 37. Kf3 Bh2 38. Kg4 Kf8 39. b4 f6 40. Bd2 Ke7 41. Be3 cxb4 42. axb4 Nc4 43. Bxc4 bxc4 44. Bxb6 c3 45. Be3 Kd6 46. b5 Kxd5 47. b6 c2 48. b7 Ke4 49. Bc1 Bc7 50. Bb2 Bb8 51. h4 Bc7 1/2-1/2

[Event "Savigliano op"]
[Site "Savigliano"]
[Date "2009.05.31"]
[Round "5"]
[White "Pepino, Enrico"]
[Black "Martin, Tiziano"]
[Result "0-1"]
[WhiteElo "2148"]
[BlackElo "1967"]
[PlyCount "54"]
[EventDate "2009.05.28"]
[EventType "swiss"]
[EventRounds "6"]
[EventCountry "ITA"]
[SourceTitle "CBM 130 Extra"]
[Source "ChessBase"]
[SourceDate "2009.07.02"]
[SourceVersion "2"]
[SourceVersionDate "2009.07.15"]
[SourceQuality "1"]

1. e4 e6 2. d4 d5 3. exd5 exd5 4. c4 Nf6 5. Nc3 Be7 6. cxd5 Nxd5 7. Bd3 0-0 8. Nf3 Nc6 9. 0-0 Be6 10. Re1 Nf6 11. a3 Bg4 12. Be3 Re8 13. Rc1 a6 14. Be2 Nd5 15. Qb3 Nxe3 16. fxe3 Bxf3 17. Bxf3 Bg5 18. Ne4 Nxd4 19. exd4 Bxc1 20. Rxc1 Rxe4 21. Bxe4 Qxd4+ 22. Kf1 Qxe4 23. Re1 Qf4+ 24. Kg1 b6 25. Qd5 Rf8 26. Rf1 Qe3+ 27. Kh1 Qe2 0-1

[Event "Turin FreeTUR op"]
[Site "Turin"]
[Date "2007.11.27"]
[Round "4"]
[White "Martin, Tiziano"]
[Black "Angioni, Gian Carlo"]
[Result "1/2-1/2"]
[WhiteElo "2019"]
[BlackElo "1811"]
[PlyCount "88"]
[EventDate "2007.11.06"]
[EventType "swiss"]
[EventRounds "6"]
[EventCountry "ITA"]
[SourceTitle "EXT 2010"]
[Source "ChessBase"]
[SourceDate "2010.11.25"]
[SourceVersion "1"]
[SourceVersionDate "2010.11.25"]
[SourceQuality "1"]

1. d4 d5 2. Nf3 Nf6 3. e3 Bf5 4. c4 c6 5. Nbd2 e6 6. Be2 Bd6 7. b3 Nbd7 8. c5 Bc7 9. Bb2 a5 10. a3 Qe7 11. b4 e5 12. dxe5 Nxe5 13. Nd4 Nd3+ 14. Bxd3 Bxd3 15. N2f3 Bg6 16. 0-0 0-0 17. Qb3 Ne4 18. Rfc1 Rfe8 19. Bc3 Nxf2 20. Rf1 Nd3 21. Bd2 Be4 22. Qc3 g5 23. g3 h5 24. b5 h4 25. g4 Nxc5 26. bxc6 bxc6 27. Nxc6 Qd6 28. Ncd4 Nd3 29. Nb5 Qd7 30. h3 Be5 31. Nxe5 Nxe5 32. Nc7 Qd6 33. Nxe8 Rxe8 34. Rac1 Nd3 35. Qc7 Qg3+ 36. Qxg3 hxg3 37. Rc7 Nf2 38. Rxf2 gxf2+ 39. Kxf2 a4 40. Bc3 Re6 41. Rc8+ Kh7 42. Rh8+ Kg6 43. Rg8+ Kh6 44. Rh8+ Kg6 1/2-1/2

[Event "Savigliano 6th"]
[Site "Savigliano"]
[Date "2007.06.03"]
[Round "5"]
[White "Martin, Tiziano"]
[Black "Gioseffi, Massimiliano"]
[Result "1-0"]
[WhiteElo "2008"]
[BlackElo "1939"]
[PlyCount "105"]
[EventDate "2007.05.31"]
[EventType "swiss"]
[EventRounds "6"]
[EventCountry "ITA"]
[SourceTitle "EXT 2009"]
[Source "ChessBase"]
[SourceDate "2008.11.26"]
[SourceVersion "1"]
[SourceVersionDate "2008.11.26"]
[SourceQuality "1"]

1. d4 Nf6 2. Nf3 g6 3. Bf4 Bg7 4. e3 d6 5. Be2 0-0 6. h3 c5 7. c3 Qb6 8. Qb3 Qxb3 9. axb3 cxd4 10. exd4 Nc6 11. Nbd2 Bd7 12. Bc4 d5 13. Bd3 Nh5 14. Be3 f5 15. Nb1 f4 16. Bc1 e5 17. dxe5 Rae8 18. 0-0 a6 19. b4 Nxe5 20. Nxe5 Rxe5 21. Nd2 Rfe8 22. Nf3 R5e7 23. Bd2 Bf6 24. Rfe1 g5 25. Rxe7 Rxe7 26. Ra5 Be6 27. b5 axb5 28. Rxb5 h6 29. Nd4 Bxd4 30. cxd4 Ng7 31. Bb4 Rd7 32. Rb6 Rc7 33. Bc5 h5 34. Kh2 Bf5 35. Be2 h4 36. Bd1 Ne6 37. b4 Nxc5 38. bxc5 Kf7 39. Bb3 Rd7 40. Rxb7 Rxb7 41. Bxd5+ Ke7 42. Bxb7 Kd7 43. Kg1 Bd3 44. g3 hxg3 45. fxg3 Bf5 46. gxf4 gxf4 47. h4 Bg4 48. Kf2 Kc7 49. Bf3 Bf5 50. Ke2 Kd7 51. Kd2 Be6 52. d5 Bf5 53. Kc3 1-0